000 00287nam a2200121Ia 4500
008 190216s9999||||xx |||||||||||||| ||und||
100 _aYves R Talpaert
245 0 _aMechanics Tensors And Virtual Works
260 _bViva Book
_c2008
300 _a460
650 _aPhysics
942 _cBK
999 _c34251
_d34251